| 000 | 00549nam a22001697a 4500 | ||
|---|---|---|---|
| 003 | NUST | ||
| 038 | _aNusrat Nadeem | ||
| 082 | _a200 | ||
| 100 |
_aTariq, Ayesha _917114 |
||
| 245 |
_aDebt’s Shadows on Growth: A Comprehensive Study through Extreme Bound Analysis/ _cAyesha Tariq, |
||
| 264 |
_aIslamabad, _bS3H NUST, _c2023. |
||
| 300 |
_aill: _b81,p: _c30,cm. |
||
| 650 |
_aMS-Economics _9123068 |
||
| 700 |
_aSupervisor: Dr. Iftikhar Hussain Adil _9120214 |
||
| 856 | _uhttp://10.250.8.41:8080/xmlui/handle/123456789/39219 | ||
| 942 |
_2ddc _cSC |
||
| 999 |
_c607614 _d607614 |
||